Detalles MARC
| 000 -CABECERA |
| fixed length control field |
01040nam a22002897a 4500 |
| 003 - CONTROL NUMBER IDENTIFIER |
| control field |
AR-BeUNQ |
| 005 - FECHA Y HORA DE LA ULTIMA TRANSACCION |
| control field |
20220606144444.0 |
| 008 - ELEMENTOS DE LONGITUD FIJA-INFORMACION GENERAL |
| fixed length control field |
220606b |||||||| |||| 00| 0 spa d |
| 020 ## - NUMERO INTERNACIONAL NORMALIZADO PARA LIBROS |
| Número Internacional Normalizado del libro |
9789500009980 |
| 040 ## - FUENTE DE CATALOGACION |
| Agencia de catalogación original |
AR-BeUNQ |
| Agencia que realiza la transcripción |
AR-BeUNQ |
| Convenciones de la descripción |
aacr |
| 041 ## - CODIGO DE IDIOMA |
| Código de idioma del texto cantado o hablado |
ESPAÑOL |
| 082 ## - NUMERO DE CLASIFICACION DECIMAL DEWEYMBER |
| Número de la edición |
21 |
| Número de clasificación |
371 |
| Número del ítem |
59470 |
| 100 01 - ASIENTO PRINCIPAL-NOMBRE PERSONAL |
| Nombre personal |
Adamoli, María Celeste. |
| Títulos u otras palabras asociadas al nombre |
aut. |
| Fecha asociada al nombre |
1976 |
| 245 ## - MENCION DE TITULO |
| Título |
Pensar la Democracia : |
| Otra información sobre el título |
Treinta ejercicios para trabajar en el aula. |
| Mención de responsabilidad, etc |
Maria Celester Adamoli |
| Medio físico |
libro |
| 250 ## - MENCION DE EDICION |
| Mención de edición |
1a.ed. |
| 260 ## - PUBLICACION, DISTRIBUCION, ETC. |
| Lugar de publicación, distribución, etc. |
Buenos Aires : |
| Nombre del editor, distribuidor, etc. |
Ministerio de Educación de la Nación, |
| Fecha de publicación, distribución, etc |
2013 |
| 300 03 - DESCRIPCION FISICA |
| Extensión |
172 p. |
| Otros detalles físicos |
il. ; |
| Dimensiones |
28cm |
| Material acompañante |
Propuestas para trabajar en el aula. |
| 500 ## - NOTA GENERAL |
| Nota general |
Propuestas para trabajar en el aula. Resúmenes ejercicios. |
| 504 ## - NOTA DE BIBLIOGRAFIA, ETC. |
| Nota de bibliografía, etc. |
Bibliografia sugerida. |
| 648 ## - ASIENTO SECUNDARIO DE MATERIA - TERMINO CRONOLOGICO |
| Término cronológico |
[1983-2010] |
| Fuente del encabezamiento o término |
spines |
| 650 ## - ASIENTO SECUNDARIO DE MATERIA - TERMINO TEMATICO |
| Término temático o nombre geográfico como elemento de entrada |
Enseñanza Secundaria |
| Fuente del encabezamiento o términ |
unescot |
| 651 ## - ASIENTO SECUNDARIO DE MATERIA - NOMBRE GEOGRAFICO |
| Nombre geográfico |
Argentina |
| Fuente del encabezamiento o término |
tell |
| 700 ## - ASIENTO SECUNDARIO - NOMBRE DE PERSONA |
| Personal name |
Flachsland, Cecilia |
| Dates associated with a name |
1976 |
| Relator term |
coaut. |
| 700 03 - ASIENTO SECUNDARIO - NOMBRE DE PERSONA |
| Personal name |
Rosemberg, Violeta |
| Dates associated with a name |
1976 |
| 929 ## - DATOS DE ADQUISICION |
| Procedencia |
DONACION |
| Proveedor |
Ministerio de Educación de la Nación |
| Número de inventario |
59470 |
| 942 ## - ELEMENTOS DE PUNTO DE ACCESO ADICIONAL (KOHA) |
| Tipo de ítem Koha |
Libros |